000 00678nam a2200229 a 4500
001 32395
003 BD-RjUL
005 20211209051829.0
008 500101s1941 enk 000 0 eng d
035 _a(BD-RjUL)32484
040 _aDLC
_cFDA
_dOCL
_beng
_eBD-RjUL
041 _aeng
082 _223
_a297.0952
_bAZC 1941
100 1 _aAziz, Mian Abdul,
_9223773
245 1 4 _aThe crescent in the land of the rising sun /
_cby M. Abdul Aziz
260 _aLondon :
_bBlades, East & Blades,
_c1941
300 _a156 p. :
_bill. ;
_c22 cm
650 0 _aIslam
_9223774
650 0 _aMuslims
_zJapan.
_9223775
651 0 _aJapan
_xCivilization
_9223776
942 _2ddc
_cRAR
999 _c32395
_d32395